[Event "Rewal 2011 - Open B"]
[Site "Rewal"]
[Date "2011.08.23"]
[Round "4.8"]
[White "Jaskolka, Tomasz"]
[Black "Gawiec, Konrad"]
[Result "1/2-1/2"]
[WhiteElo "2003"]
[BlackElo "1820"]
[EventDate "2011.??.??"]
[PlyCount "69"]

1.e4 c5 2.Nc3 Nc6 3.g3 g6 4.Bg2 Bg7 5.Nge2 e6 6.d3 Nge7 7.Bg5 O-O 8.Qd2 a6
9.a4 Nb4 10.O-O d5 11.f4 dxe4 12.Nxe4 Qc7 13.Bf6 Nbd5 14.Bxg7 Kxg7 15.c4 
Nb6 16.Qc3+ f6 17.g4 Nd7 18.d4 cxd4 19.Nxd4 Nc5 20.Nxc5 Qxc5 21.b4 Qc7 22.
Rae1 Nd5 23.Qd2 Qxc4 24.Nxe6+ Bxe6 25.Rxe6 Rad8 26.Rc1 Qxf4 27.Re7+ Kh6 
28.Qxf4+ Nxf4 29.Bxb7 Rd2 30.Rcc7 Kg5 31.Bxa6 Rfd8 32.Bf1 Rb2 33.Rcd7 Rc8 
34.Rc7 Rd8 35.Rcd7 1/2-1/2

[Event "Rewal 2011 - Open B"]
[Site "Rewal"]
[Date "2011.08.23"]
[Round "4.9"]
[White "Lizak, Jakub"]
[Black "Botor, Michal"]
[Result "0-1"]
[WhiteElo "1772"]
[BlackElo "1987"]
[EventDate "2011.??.??"]
[PlyCount "78"]

1.e4 c5 2.Nf3 e6 3.d3 Nc6 4.g3 d5 5.Nbd2 Nf6 6.Bg2 Be7 7.O-O O-O 8.e5 Nd7 
9.Re1 Qc7 10.Qe2 b5 11.h4 a5 12.Nf1 b4 13.Bf4 Ba6 14.c3 bxc3 15.bxc3 Rab8 
16.Rad1 Rb6 17.N1h2 Rfb8 18.Ng4 Rb2 19.Rd2 Qb6 20.Rc1 Rxd2 21.Qxd2 Qb2 22.
Rc2 Qa1+ 23.Kh2 Rb1 24.Ne3 Bb5 25.a4 Qxa4 26.c4 Nb4 27.Rb2 Rxb2 28.Qxb2 
Bc6 29.Ne1 d4 30.N1c2 Bxg2 31.Kxg2 Bd8 32.Nxb4 Qxb4 33.Qe2 Qb7+ 34.f3 Bc7 
35.Qa2 Qc6 36.h5 h6 37.Kf2 a4 38.Qc2 Qb7 39.Qa2 Qb3 0-1

[Event "Rewal 2011 - Open B"]
[Site "Rewal"]
[Date "2011.08.23"]
[Round "4.10"]
[White "Karwowski, Kacper"]
[Black "Cieslar, Michal"]
[Result "1/2-1/2"]
[WhiteElo "1729"]
[BlackElo "1966"]
[EventDate "2011.??.??"]
[PlyCount "93"]

1.e4 c5 2.Nf3 Nc6 3.d4 cxd4 4.Nxd4 Nf6 5.Nc3 d6 6.Be3 a6 7.Nxc6 bxc6 8.Bc4
e6 9.Qd2 d5 10.O-O-O Bb4 11.exd5 cxd5 12.Qd4 Qa5 13.Bb3 O-O 14.Na4 Rb8 15.
Bf4 Rb7 16.a3 Be7 17.Qd2 Qxd2+ 18.Rxd2 Ne4 19.Re2 Bd7 20.f3 Bxa4 21.Bxa4 
Nc5 22.Bc6 Rb6 23.Bxd5 Rc8 24.Kb1 Bf6 25.Bb3 Nxb3 26.cxb3 Rxb3 27.Rd1 g5 
28.Bc1 Rcb8 29.Ka2 R3b6 30.Rdd2 Kg7 31.Rc2 Kg6 32.Re4 h5 33.b4 Ra8 34.Bb2 
a5 35.bxa5 Rxa5 36.Bxf6 Kxf6 37.a4 e5 38.Rec4 Ke6 39.Ka3 Kd5 40.Rb4 Rba6 
41.Kb3 Ke6 42.Rcc4 Rd5 43.h4 Rd2 44.Rc2 Rd3+ 45.Rc3 Rd2 46.Rc2 Rd3+ 47.Rc3
1/2-1/2

[Event "Rewal 2011 - Open B"]
[Site "Rewal"]
[Date "2011.08.23"]
[Round "4.11"]
[White "Swiech, Piotr"]
[Black "Szostko, Jakub"]
[Result "1/2-1/2"]
[WhiteElo "1929"]
[BlackElo "1645"]
[EventDate "2011.??.??"]
[PlyCount "72"]

1.d4 Nf6 2.c4 e6 3.Nc3 Bb4 4.Qc2 O-O 5.a3 Bxc3+ 6.Qxc3 b6 7.Bg5 h6 8.Bh4 
Bb7 9.f3 d6 10.e3 Nbd7 11.Bd3 c5 12.Ne2 Rc8 13.Qd2 d5 14.Rc1 cxd4 15.exd4 
Re8 16.O-O dxc4 17.Rxc4 Rxc4 18.Bxc4 Qa8 19.Nc3 a6 20.Rd1 Rc8 21.Ba2 b5 
22.Qd3 Qa7 23.Kh1 Qa8 24.h3 Bc6 25.Re1 Qb8 26.Bb1 Qf4 27.Bf2 Bb7 28.Ne2 
Qc7 29.Rc1 Qb6 30.Rxc8+ Bxc8 31.Kg1 Qc6 32.Kf1 Bb7 33.Be3 Nb6 34.b3 Nbd5 
35.Bd2 Qd6 36.Bc1 Qc7 1/2-1/2

[Event "Rewal 2011 - Open B"]
[Site "Rewal"]
[Date "2011.08.23"]
[Round "4.12"]
[White "Stankiewicz, Pawel"]
[Black "Kuspak, Aleksander"]
[Result "1/2-1/2"]
[WhiteElo "2064"]
[BlackElo "1862"]
[EventDate "2011.??.??"]
[PlyCount "69"]

1.e4 c5 2.Nf3 e6 3.d4 cxd4 4.Nxd4 a6 5.Nc3 Qc7 6.Bd3 Nf6 7.O-O Be7 8.a4 b6
9.Qe2 d6 10.f4 Nbd7 11.Be3 Bb7 12.Rae1 g6 13.Kh1 e5 14.Nb3 O-O 15.f5 Kh8 
16.fxg6 fxg6 17.Bh6 Rfe8 18.Bg5 Nh5 19.Bxe7 Rxe7 20.Nd5 Bxd5 21.exd5 a5 
22.Nd4 Nc5 23.Qe3 Rf7 24.Nb5 Rxf1+ 25.Rxf1 Qe7 26.Qh6 Nxd3 27.cxd3 Ng7 28.
Qe3 Rf8 29.Rxf8+ Qxf8 30.Kg1 Nf5 31.Qxb6 Qh6 32.Qd8+ Kg7 33.Qc7+ Kg8 34.
Qc8+ Kg7 35.Qc7+ 1/2-1/2

[Event "Rewal 2011 - Open B"]
[Site "Rewal"]
[Date "2011.08.23"]
[Round "4.13"]
[White "Trepkowski, Piotr"]
[Black "Graczyk, Damian"]
[Result "1-0"]
[WhiteElo "1838"]
[BlackElo "1991"]
[EventDate "2011.??.??"]
[PlyCount "139"]

1.e4 d5 2.exd5 Nf6 3.Nc3 g6 4.Nf3 Bg7 5.d4 O-O 6.Bd3 Nxd5 7.O-O Nxc3 8.
bxc3 c5 9.Ba3 Nd7 10.Re1 Qa5 11.Qc1 Re8 12.Rb1 a6 13.Rb3 Qc7 14.Be4 Rb8 
15.Qg5 h6 16.Qh4 Nf6 17.Bxc5 b6 18.Ba3 Nxe4 19.Rxe4 Be6 20.Rxe6 fxe6 21.
Qg4 Rf8 22.Qxe6+ Kh7 23.c4 Qf4 24.Re3 Bxd4 25.Re4 Qf6 26.Bxe7 Qxe6 27.Rxe6
Rxf3 28.gxf3 Kg7 29.Re4 Bc3 30.Bd6 Rc8 31.Kf1 Rc6 32.Ba3 Kf6 33.Ke2 Kf5 
34.Kd3 Be5 35.h3 Rc7 36.Bc1 Rd7+ 37.Ke2 h5 38.Be3 Rd6 39.Bd2 Rc6 40.Bb4 
Rc7 41.a4 a5 42.Bf8 Rc8 43.Bh6 Rd8 44.Be3 Rd6 45.Bd2 Rc6 46.Ke3 Re6 47.c5 
bxc5 48.Bxa5 Bd4+ 49.Ke2 Rxe4+ 50.fxe4+ Kxe4 51.f3+ Kd5 52.Kd3 c4+ 53.Kd2 
Kc5 54.Bc3 Bg1 55.Ke2 Kd5 56.Kf1 Ba7 57.Kg2 Ke6 58.f4 Kd5 59.Kf3 Bb8 60.
Bf6 Bc7 61.Bc3 Bb8 62.a5 Kc5 63.Be5 Ba7 64.Ke4 Kb5 65.Kd5 Bf2 66.Bc7 Bg3 
67.Be5 Kxa5 68.Kxc4 g5 69.Bc3+ Kb6 70.fxg5 1-0

[Event "Rewal 2011 - Open B"]
[Site "Rewal"]
[Date "2011.08.23"]
[Round "4.14"]
[White "Borowicz, Przemyslaw"]
[Black "Szczecina, Kamil"]
[Result "1/2-1/2"]
[WhiteElo "1989"]
[BlackElo "1779"]
[EventDate "2011.??.??"]
[PlyCount "118"]

1.d4 Nf6 2.c4 c5 3.e3 cxd4 4.exd4 e6 5.Nc3 d5 6.Bg5 dxc4 7.Bxc4 Be7 8.Nf3 
O-O 9.O-O Nbd7 10.Ne5 a6 11.a4 Qa5 12.Qe2 Nb6 13.Bd3 Nbd5 14.Ne4 Rd8 15.
Rfc1 Bd7 16.Nc5 Qb6 17.a5 Qa7 18.Nexd7 Nxd7 19.Bxe7 Nxe7 20.Nxe6 fxe6 21.
Qxe6+ Kh8 22.Qxe7 Qxd4 23.Bf5 Ne5 24.Re1 Nd3 25.Bxd3 Qxd3 26.Qxb7 Rab8 27.
Qe7 h6 28.Qe2 Qxe2 29.Rxe2 Rb5 30.Kf1 Rdd5 31.Ke1 Rxa5 32.Rxa5 Rxa5 33.Kd2
Kh7 34.Kc3 Rc5+ 35.Kb4 Rb5+ 36.Kc4 Rb6 37.b4 Rc6+ 38.Kd5 Rb6 39.Kc5 Rb5+ 
40.Kc4 Rb6 41.Ra2 Rc6+ 42.Kd5 Rb6 43.Kc5 Rb5+ 44.Kc4 Rb6 45.Ra5 Rc6+ 46.
Rc5 Re6 47.Rf5 Rc6+ 48.Kb3 Re6 49.h4 Re4 50.h5 Re2 51.g4 Re4 52.f3 Re1 53.
Kc4 Rc1+ 54.Kd5 Rb1 55.Rf4 a5 56.bxa5 Ra1 57.Re4 Rxa5+ 58.Ke6 Ra6+ 59.Kf5 
Rf6+ 1/2-1/2

[Event "Rewal 2011 - Open B"]
[Site "Rewal"]
[Date "2011.08.23"]
[Round "4.15"]
[White "Blasiak, Miroslaw"]
[Black "Klimek, Piotr"]
[Result "1-0"]
[WhiteElo "1961"]
[BlackElo "1699"]
[EventDate "2011.??.??"]
[PlyCount "95"]

1.e4 e6 2.d4 d5 3.Nc3 Bb4 4.e5 c5 5.a3 Bxc3+ 6.bxc3 Ne7 7.Qg4 O-O 8.Bd3 f5
9.exf6 Rxf6 10.Bg5 Rf7 11.Qh4 h6 12.Bd2 Nbc6 13.Nf3 Qf8 14.Qg3 c4 15.Be2 
Nf5 16.Qg6 Nce7 17.Qh5 g6 18.Qh3 h5 19.Ne5 Rh7 20.g4 Nd6 21.gxh5 Ne4 22.
Be3 Nxc3 23.Bg4 Qf6 24.Qg2 Kh8 25.Rg1 gxh5 26.Bf3 Rg7 27.Bg5 Qf5 28.Bxh5 
Ne4 29.h4 Nxg5 30.hxg5 Qxc2 31.Qh3 Qe4+ 32.Be2+ Rh7 33.Nf7+ Kg7 34.Nh6 
Qxd4 35.Rd1 Qe5 36.Qh5 Ng6 37.Rh1 Rh8 38.Rh3 d4 39.Rf3 Qc7 40.Rxd4 Ne5 41.
Rh3 Bd7 42.Qh4 c3 43.Qf4 Rhf8 44.Rxd7+ Qxd7 45.Qxe5+ Kg6 46.Bd3+ Qxd3 47.
Rxd3 c2 48.Rc3 1-0

[Event "Rewal 2011 - Open B"]
[Site "Rewal"]
[Date "2011.08.23"]
[Round "4.16"]
[White "Aleksandrowicz, Marek"]
[Black "Panczuk, Joanna"]
[Result "1-0"]
[WhiteElo "1959"]
[BlackElo "1678"]
[EventDate "2011.??.??"]
[PlyCount "87"]

1.e4 d5 2.exd5 Qxd5 3.Nc3 Qa5 4.d4 c6 5.Nf3 Bg4 6.h3 Bxf3 7.Qxf3 Nf6 8.Bd2
Qb6 9.O-O-O e6 10.Bf4 Nbd7 11.Bc4 Be7 12.Rhe1 O-O-O 13.d5 cxd5 14.Bxd5 Nc5
15.Bc4 a6 16.a3 Rxd1+ 17.Rxd1 Rd8 18.Rxd8+ Bxd8 19.b4 Ncd7 20.Na4 Qa7 21.
Bxe6 Qd4 22.Bxd7+ Nxd7 23.Qc3+ Qxc3 24.Nxc3 Nb6 25.Be5 f6 26.Bd4 Nc4 27.a4
Be7 28.Nd5 Bd6 29.c3 Kd7 30.Kc2 Kc6 31.Ne3 Nxe3+ 32.fxe3 Kd5 33.Kd3 b5 34.
axb5 axb5 35.e4+ Kc6 36.g4 h6 37.h4 Bf8 38.h5 Bd6 39.Be3 Bf8 40.Bf4 Be7 
41.Kd4 Bf8 42.e5 Be7 43.exf6 Bxf6+ 44.Be5 1-0

[Event "Rewal 2011 - Open B"]
[Site "Rewal"]
[Date "2011.08.23"]
[Round "4.17"]
[White "Zielinski, Olgierd"]
[Black "Szmer, Aleksander"]
[Result "1-0"]
[WhiteElo "1943"]
[BlackElo "1618"]
[EventDate "2011.??.??"]
[PlyCount "35"]

1.e4 e6 2.Qe2 g6 3.Nf3 Bg7 4.Nc3 Ne7 5.g3 Nbc6 6.Bg2 O-O 7.h4 f5 8.d3 d6 
9.h5 fxe4 10.dxe4 e5 11.Nh4 Nd4 12.Qd3 Nec6 13.a3 g5 14.h6 Bh8 15.Nf5 Nxf5
16.exf5 Bxf5 17.Bd5+ Rf7 18.Qxf5 1-0

[Event "Rewal 2011 - Open B"]
[Site "Rewal"]
[Date "2011.08.23"]
[Round "4.18"]
[White "Bregoszewski, Leon"]
[Black "Karcz, Bartlomiej"]
[Result "0-1"]
[WhiteElo "1821"]
[BlackElo "1943"]
[EventDate "2011.??.??"]
[PlyCount "62"]

1.d4 Nf6 2.f4 d5 3.Nf3 Bf5 4.e3 e6 5.Bd3 c5 6.c3 Nc6 7.O-O Be7 8.Qe2 Bxd3 
9.Qxd3 Ne4 10.Nbd2 f5 11.Ne5 O-O 12.b3 Qa5 13.Nxc6 bxc6 14.c4 cxd4 15.exd4
c5 16.cxd5 exd5 17.Nf3 Rac8 18.dxc5 Bxc5+ 19.Be3 Rfd8 20.Bd4 Bxd4+ 21.Qxd4
Rc2 22.a3 Qc3 23.Qxc3 Nxc3 24.Nd4 Rd2 25.Nxf5 d4 26.Ne7+ Kf8 27.Nc6 Rc8 
28.Ne5 Rd8 29.Nc4 Rc2 30.Rf2 d3 31.Nd2 Ne2+ 0-1

[Event "Rewal 2011 - Open B"]
[Site "Rewal"]
[Date "2011.08.23"]
[Round "4.19"]
[White "Dzierzak, Radoslaw"]
[Black "Barburzynska, Magdalena"]
[Result "1/2-1/2"]
[WhiteElo "1813"]
[BlackElo "1936"]
[EventDate "2011.??.??"]
[PlyCount "48"]

1.e4 c5 2.Nf3 Nc6 3.d4 cxd4 4.Nxd4 g6 5.Nc3 Bg7 6.Be3 Nf6 7.Bc4 Qa5 8.O-O 
O-O 9.Nb3 Qd8 10.f4 d6 11.h3 Bd7 12.Qf3 Rc8 13.Qf2 Nb4 14.Bd3 b6 15.a4 Qc7
16.a5 Rb8 17.axb6 axb6 18.Ra3 Bc6 19.Rfa1 Nd7 20.Nd4 Nc5 21.Nxc6 Qxc6 22.
Bb5 Qc7 23.Qe2 Ne6 24.Qf2 Nc5 1/2-1/2

[Event "Rewal 2011 - Open B"]
[Site "Rewal"]
[Date "2011.08.23"]
[Round "4.20"]
[White "Bes, Michal"]
[Black "Krzysztofiak, Zdzislaw"]
[Result "1-0"]
[WhiteElo "1906"]
[BlackElo "1656"]
[EventDate "2011.??.??"]
[PlyCount "35"]

1.e4 e5 2.d4 exd4 3.Nf3 c5 4.c3 dxc3 5.Bc4 cxb2 6.Bxb2 Nc6 7.O-O d6 8.Re1 
Bg4 9.Qb3 Qc7 10.Nc3 Na5 11.Bb5+ Kd8 12.Qd1 Bxf3 13.Qxf3 Qb6 14.Qxf7 Ne7 
15.Qe8+ Kc7 16.Qxa8 a6 17.Qe8 Nac6 18.Bxc6 1-0

[Event "Rewal 2011 - Open B"]
[Site "Rewal"]
[Date "2011.08.23"]
[Round "4.21"]
[White "Gorol, Jacek"]
[Black "Grzesik, Norbert"]
[Result "0-1"]
[WhiteElo "1788"]
[BlackElo "1901"]
[EventDate "2011.??.??"]
[PlyCount "102"]

1.c4 b6 2.Nf3 Bb7 3.e3 e6 4.Nc3 Nf6 5.d4 d5 6.cxd5 Nxd5 7.Nxd5 Bxd5 8.Bd2 
Be7 9.Bc3 O-O 10.Bd3 Nd7 11.Qc2 h6 12.e4 Bb7 13.O-O c5 14.Rad1 cxd4 15.
Bxd4 Rc8 16.Qe2 Qc7 17.Bb5 Rfd8 18.Bc3 Nc5 19.Be5 Bd6 20.Bxd6 Rxd6 21.Rxd6
Qxd6 22.e5 Qc7 23.b4 Nd7 24.Re1 Bxf3 25.gxf3 Nf8 26.Bd3 Qc3 27.b5 Nd7 28.
f4 Nc5 29.Bb1 Rd8 30.Rd1 Rd4 31.Rxd4 Qxd4 32.Qf3 g6 33.h4 h5 34.Kh2 Qb4 
35.Bc2 Kg7 36.Qg3 Qxb5 37.f5 exf5 38.Bxf5 Qc4 39.Qg5 Ne6 40.Qf6+ Kg8 41.
Bxg6 fxg6 42.Qxg6+ Ng7 43.Qf6 Qxa2 44.Qd8+ Kh7 45.Qd3+ Kh8 46.Qd8+ Qg8 47.
Qg5 Qe6 48.f4 a5 49.Qd8+ Kh7 50.Qd3+ Qf5 51.Qd2 a4 0-1

[Event "Rewal 2011 - Open B"]
[Site "Rewal"]
[Date "2011.08.23"]
[Round "4.23"]
[White "Laszewski, Kazimierz"]
[Black "Borawski, Jakub"]
[Result "0-1"]
[WhiteElo "1755"]
[BlackElo "1897"]
[EventDate "2011.??.??"]
[PlyCount "72"]

1.e4 e5 2.Nf3 Nc6 3.Bb5 a6 4.Ba4 Nf6 5.O-O Be7 6.Re1 d6 7.c3 b5 8.Bc2 O-O 
9.h3 Nb8 10.d4 Nbd7 11.Nbd2 Re8 12.Nf1 Bf8 13.Ng3 g6 14.a4 Bb7 15.Bd3 exd4
16.cxd4 Bg7 17.Bf4 bxa4 18.Rxa4 Nb6 19.Ra3 c5 20.d5 c4 21.Bf1 Nfxd5 22.
exd5 Rxe1 23.Nxe1 Bxb2 24.Ra5 Bc3 25.Ra3 Bb4 26.Ra1 Nxd5 27.Bh6 Qh4 28.Bc1
Bc5 29.Qf3 Re8 30.Nc2 Re7 31.Nh1 Ne3 32.Qe2 Nxg2 33.Qxc4 Qxh3 34.Rxa6 
Qxh1+ 35.Kxh1 Ne3+ 36.Kg1 Nxc4 0-1

[Event "Rewal 2011 - Open B"]
[Site "Rewal"]
[Date "2011.08.23"]
[Round "4.24"]
[White "Wisniewski, Michal"]
[Black "Wrobel, Maciej"]
[Result "1-0"]
[WhiteElo "1713"]
[BlackElo "1868"]
[EventDate "2011.??.??"]
[PlyCount "109"]

1.e4 e5 2.Nf3 Nc6 3.d4 exd4 4.Bc4 Nf6 5.O-O Nxe4 6.Re1 d5 7.Bxd5 Qxd5 8.
Nc3 Qa5 9.Nxe4 Be6 10.Neg5 O-O-O 11.Nxe6 fxe6 12.Rxe6 Bd6 13.Bg5 Rdf8 14.
Qe2 h6 15.Bh4 Qh5 16.Bg3 Bxg3 17.hxg3 Qc5 18.Re1 Nb4 19.a3 Nc6 20.b4 Qd5 
21.Nh4 Rd8 22.Ng6 d3 23.cxd3 Nd4 24.Qg4 Qg5 25.Qxg5 hxg5 26.Nxh8 Nxe6 27.
Nf7 Rf8 28.Rxe6 Rxf7 29.Rg6 Rf5 30.Rxg7 a5 31.bxa5 Rxa5 32.Kf1 Rxa3 33.
Rxg5 Rxd3 34.f4 Kd7 35.Ke2 Rb3 36.Rd5+ Ke6 37.Re5+ Kf6 38.Re3 Rxe3+ 39.
Kxe3 b5 40.g4 c5 41.g5+ Kg6 42.g4 b4 43.Kd3 b3 44.Kc3 c4 45.Kb2 Kg7 46.f5 
Kf7 47.g6+ Kf6 48.g5+ Kg7 49.Kc3 Kg8 50.f6 Kf8 51.g7+ Kf7 52.g6+ Kg8 53.
Kb2 c3+ 54.Kxc3 b2 55.f7+ 1-0

[Event "Rewal 2011 - Open B"]
[Site "Rewal"]
[Date "2011.08.23"]
[Round "4.25"]
[White "Wacior, Maciej"]
[Black "Stankowski, Aleksander"]
[Result "1/2-1/2"]
[WhiteElo "1664"]
[BlackElo "1863"]
[EventDate "2011.??.??"]
[PlyCount "101"]

1.d4 Nf6 2.c4 g6 3.Nc3 Bg7 4.Nf3 O-O 5.Bf4 d6 6.e3 Bf5 7.Bd3 Bxd3 8.Qxd3 
Nc6 9.O-O Nh5 10.Bg5 h6 11.Bh4 g5 12.Bg3 f5 13.h3 Nxg3 14.fxg3 Kh8 15.Nh2 
Qd7 16.a3 e5 17.d5 Ne7 18.e4 Rae8 19.g4 fxe4 20.Nxe4 b6 21.Nf3 Bf6 22.Kh2 
Ng6 23.g3 Kg7 24.Nxf6 Rxf6 25.Nd2 Ref8 26.Ne4 Rxf1 27.Rxf1 Rxf1 28.Qxf1 
Qf7 29.Qf5 Nf8 30.Kg2 Nd7 31.b4 Nf6 32.Nc3 a6 33.Kf3 c6 34.Ne4 cxd5 35.
cxd5 Ne8 36.Qxf7+ Kxf7 37.h4 Ke7 38.a4 Nc7 39.Nc3 Kf6 40.Ne4+ Kg6 41.h5+ 
Kg7 42.Nc3 Kf6 43.Ne4+ Ke7 44.Nc3 Ne8 45.Ne4 Kd7 46.Ke3 Kc7 47.Kf3 a5 48.
b5 Kb7 49.Ke3 Kc7 50.Kf3 Ng7 51.Ke3 1/2-1/2

[Event "Rewal 2011 - Open B"]
[Site "Rewal"]
[Date "2011.08.23"]
[Round "4.26"]
[White "Hagner, Pawel"]
[Black "Jagodzinski, Waldemar"]
[Result "1/2-1/2"]
[WhiteElo "1781"]
[BlackElo "2029"]
[EventDate "2011.??.??"]
[PlyCount "126"]

1.d4 d5 2.Nf3 Nf6 3.Bg5 c6 4.c3 Bf5 5.e3 Qb6 6.Qc1 Nbd7 7.Nbd2 e6 8.Be2 
Be7 9.h3 Qd8 10.O-O h6 11.Bf4 O-O 12.Ne5 Nxe5 13.dxe5 Nd7 14.Rd1 Qb8 15.
Nc4 Rd8 16.Nd6 Bxd6 17.exd6 e5 18.Bg3 Qxd6 19.c4 Qe6 20.cxd5 cxd5 21.Qd2 
Nb6 22.Rac1 f6 23.b3 Qd7 24.Qa5 Be6 25.Rc5 Rac8 26.Rdc1 Rxc5 27.Rxc5 Rc8 
28.Rxc8+ Nxc8 29.Bb5 Qe7 30.Qc3 Nd6 31.Bd3 Ne4 32.Bxe4 dxe4 33.Qc2 Bd5 34.
Qc8+ Kf7 35.Qf5 Qe6 36.Qh5+ Kf8 37.Qe2 Qc6 38.Qd2 b6 39.Kh2 Qc5 40.Qb2 Bc6
41.Qd2 Ke7 42.Qb2 Bb5 43.Qd2 a5 44.Qb2 Bd3 45.Qd2 Qc2 46.Qxc2 Bxc2 47.f4 
exf3 48.gxf3 b5 49.f4 Kd6 50.Be1 b4 51.a3 bxa3 52.Bxa5 Kc5 53.Bc3 e4 54.f5
Bxb3 55.Kg3 Bd1 56.Kf2 Kc4 57.Bd4 Kd3 58.Ba1 Ba4 59.Bd4 Bd7 60.h4 h5 61.
Kg3 Bxf5 62.Kf4 Bg6 63.Kg3 Kc2 1/2-1/2

[Event "Rewal 2011 - Open B"]
[Site "Rewal"]
[Date "2011.08.23"]
[Round "4.27"]
[White "Jacel, Lukasz"]
[Black "Faron, Rafal"]
[Result "1/2-1/2"]
[WhiteElo "1979"]
[BlackElo "1816"]
[EventDate "2011.??.??"]
[PlyCount "80"]

1.e4 Nf6 2.Nc3 d5 3.exd5 Nxd5 4.Bc4 Nb6 5.Bb3 Nc6 6.Nf3 Bf5 7.Nh4 Bg6 8.
O-O e6 9.Nxg6 hxg6 10.d3 Bd6 11.h3 Na5 12.Ne4 Nxb3 13.axb3 O-O 14.f4 Nd5 
15.Qf3 c6 16.Be3 a6 17.Rac1 Bc7 18.Kh1 Bb6 19.Bxb6 Qxb6 20.Ng5 Nf6 21.g4 
Qd4 22.Rce1 Qd5 23.Ne4 Nxe4 24.Rxe4 Rae8 25.Kh2 Rd8 26.Qe3 c5 27.Kg3 b6 
28.h4 a5 29.Rf2 Rfe8 30.f5 gxf5 31.gxf5 Qd6+ 32.Kh3 e5 33.f6 Re6 34.fxg7 
Qe7 35.Rf5 Rd4 36.Rh5 Qf6 37.Rg5 Qf1+ 38.Kg4 Rxe4+ 39.Qxe4 Qg1+ 40.Kh3 
Qf1+ 1/2-1/2

[Event "Rewal 2011 - Open B"]
[Site "Rewal"]
[Date "2011.08.23"]
[Round "4.28"]
[White "Mirski, Michal"]
[Black "Przytula, Grzegorz"]
[Result "1/2-1/2"]
[WhiteElo "1776"]
[BlackElo "1955"]
[EventDate "2011.??.??"]
[PlyCount "130"]

1.e4 e5 2.Nf3 d5 3.Nxe5 Bd6 4.d4 dxe4 5.Nc4 Nf6 6.Nxd6+ Qxd6 7.Be2 Nc6 8.
c3 h5 9.Nd2 Bg4 10.Nc4 Qe6 11.h3 Bxe2 12.Qxe2 Nd5 13.Bd2 O-O-O 14.b4 Qg6 
15.g3 Rhe8 16.b5 e3 17.Nxe3 Nxe3 18.Bxe3 Ne7 19.O-O Nd5 20.Qf3 Qe6 21.Bd2 
Qxh3 22.Rfe1 Nf6 23.Bg5 Qg4 24.Qxg4+ hxg4 25.Bxf6 gxf6 26.Re3 Re6 27.Kf1 
Rd5 28.a4 Rxe3 29.fxe3 Rf5+ 30.Ke2 Rf3 31.Rf1 Rxg3 32.Rxf6 Rg2+ 33.Kd3 g3 
34.Rxf7 Kd8 35.e4 Rg1 36.Rg7 Ke8 37.Kc4 Kf8 38.Rg4 g2 39.e5 Ke7 40.Rg7+ 
Kf8 41.Rg5 Ke7 42.a5 Ke6 43.Kc5 Rc1 44.d5+ Ke7 45.e6 Kf6 46.Rxg2 Rxc3+ 47.
Kd4 Rc1 48.Rf2+ Ke7 49.Rf7+ Ke8 50.Rh7 Rd1+ 51.Ke4 Re1+ 52.Kf3 Rf1+ 53.Ke2
Rc1 54.Rh8+ Ke7 55.Rb8 Rc5 56.Rxb7 Rxd5 57.Rxc7+ Kxe6 58.Rb7 a6 59.Ke3 Kd6
60.bxa6 Rxa5 61.Rh7 Kc6 62.Rh6+ Kc7 63.Kd4 Kb8 64.Kc4 Ka7 65.Kb4 Rxa6 
1/2-1/2

[Event "Rewal 2011 - Open B"]
[Site "Rewal"]
[Date "2011.08.23"]
[Round "4.29"]
[White "Kosny, Marek"]
[Black "Murawko, Katarzyna"]
[Result "1-0"]
[WhiteElo "1945"]
[BlackElo "1796"]
[EventDate "2011.??.??"]
[PlyCount "57"]

1.Nf3 c5 2.c4 g6 3.Nc3 Bg7 4.g3 d6 5.Bg2 Nc6 6.O-O Nf6 7.d4 cxd4 8.Nxd4 
Nxd4 9.Qxd4 O-O 10.Qh4 Qb6 11.Nb5 a6 12.Be3 Qd8 13.Nc3 Ng4 14.Nd5 f6 15.
Bb6 Qd7 16.Nc7 Rb8 17.Bd5+ Kh8 18.Ne6 Ne5 19.f4 Nxc4 20.Ba7 Ra8 21.Bd4 Na5
22.f5 g5 23.Qh5 Qa4 24.b3 Qb4 25.a3 Qd2 26.Rad1 Qc2 27.Nxf8 Bxf5 28.Ne6 
Bg6 29.Qf3 1-0

[Event "Rewal 2011 - Open B"]
[Site "Rewal"]
[Date "2011.08.23"]
[Round "4.30"]
[White "Duda, Ryszard"]
[Black "Jedras, Piotr"]
[Result "0-1"]
[WhiteElo "1760"]
[BlackElo "1919"]
[EventDate "2011.??.??"]
[PlyCount "44"]

1.e4 c5 2.Nf3 d6 3.d4 cxd4 4.Nxd4 Nf6 5.Nc3 g6 6.Be3 Bg7 7.f3 Nc6 8.Qd2 
O-O 9.O-O-O d5 10.Nxc6 bxc6 11.exd5 cxd5 12.Bh6 Bxh6 13.Qxh6 Rb8 14.Qe3 
Be6 15.Bc4 Qa5 16.Bb3 Rfc8 17.Rd4 Rxb3 18.cxb3 Qxa2 19.g4 Qa1+ 20.Kc2 Qxh1
21.Qe2 Qg1 22.Ra4 d4 0-1

[Event "Rewal 2011 - Open B"]
[Site "Rewal"]
[Date "2011.08.23"]
[Round "4.31"]
[White "Czernicki, Bogdan"]
[Black "Biszof, Henryk"]
[Result "1-0"]
[WhiteElo "1916"]
[BlackElo "1747"]
[EventDate "2011.??.??"]
[PlyCount "77"]

1.d4 Nf6 2.Nf3 g6 3.Bf4 Bg7 4.Nbd2 d6 5.h3 O-O 6.e4 Nc6 7.d5 Nh5 8.Be3 Ne5
9.c3 e6 10.Be2 Nxf3+ 11.Bxf3 Nf6 12.Qb3 exd5 13.exd5 Re8 14.O-O Nd7 15.Nc4
b6 16.Rfe1 Ba6 17.Bd4 Bxc4 18.Qxc4 Ne5 19.Bxe5 Rxe5 20.Rxe5 Bxe5 21.Qc6 
Rb8 22.Re1 b5 23.Qa6 b4 24.cxb4 Rxb4 25.b3 Qb8 26.Rc1 Bd4 27.Qc6 Bc5 28.
Re1 Qb6 29.Qe8+ Kg7 30.Re2 Bd4 31.g3 Be5 32.Kg2 Qb8 33.Qd7 Bf6 34.Re8 Qb6 
35.Rc8 Rd4 36.Rxc7 Rd2 37.Qxf7+ Kh6 38.Qxh7+ Kg5 39.Qh4+ 1-0

[Event "Rewal 2011 - Open B"]
[Site "Rewal"]
[Date "2011.08.23"]
[Round "4.32"]
[White "Zhuk, Ilya"]
[Black "Kowalski, Maciej"]
[Result "1-0"]
[WhiteElo "1889"]
[BlackElo "1720"]
[EventDate "2011.??.??"]
[PlyCount "99"]

1.e4 c5 2.c3 d5 3.exd5 Qxd5 4.d4 Nf6 5.dxc5 Qxd1+ 6.Kxd1 e5 7.b4 Nc6 8.Bb5
Bg4+ 9.f3 O-O-O+ 10.Nd2 Bh5 11.Kc2 Bg6+ 12.Kb2 Be7 13.Ne2 e4 14.Bxc6 bxc6 
15.Nd4 Kb7 16.fxe4 Nxe4 17.Nxe4 Bxe4 18.Re1 f5 19.Nxf5 Bxf5 20.Rxe7+ Ka8 
21.Bf4 g5 22.Bd6 Bg6 23.Rf1 Rhf8 24.Rxf8 Rxf8 25.Rxa7+ Kxa7 26.Bxf8 g4 27.
c4 Bd3 28.Kc3 Bf1 29.g3 Be2 30.a4 Bd1 31.a5 Be2 32.Be7 Kb7 33.Bd8 Bf1 34.
Kd4 Be2 35.Bb6 Bf1 36.b5 cxb5 37.cxb5 Bxb5 38.Kd5 Bc6+ 39.Kd6 Bb5 40.Bc7 
Ba4 41.c6+ Ka7 42.Bb6+ Kb8 43.a6 Bc2 44.a7+ Ka8 45.Ke7 Bf5 46.Kd8 h5 47.c7
Be6 48.c8=Q+ Bxc8 49.Kxc8 h4 50.Kd7 1-0

[Event "Rewal 2011 - Open B"]
[Site "Rewal"]
[Date "2011.08.23"]
[Round "4.33"]
[White "Poswiatowski, Stanislaw"]
[Black "Adamczyk, Piotr"]
[Result "0-1"]
[WhiteElo "1718"]
[BlackElo "1889"]
[EventDate "2011.??.??"]
[PlyCount "78"]

1.d4 d5 2.Nf3 Nf6 3.c4 c6 4.Nc3 e6 5.Bg5 Bb4 6.cxd5 exd5 7.Qc2 h6 8.Bf4 
Nbd7 9.e3 Ne4 10.Bd3 Ndf6 11.O-O Nxc3 12.bxc3 Bd6 13.Be5 Bg4 14.Bxd6 Qxd6 
15.Ne5 O-O 16.Rab1 b6 17.c4 Be6 18.cxd5 cxd5 19.Qe2 Rac8 20.Ba6 Rc3 21.
Rfc1 Qa3 22.Rxc3 Qxc3 23.Qe1 Qa3 24.Bb7 Rb8 25.Bc6 Rc8 26.Qd1 Ne4 27.Qb3 
Qxb3 28.axb3 f6 29.Bd7 Bxd7 30.Nxd7 Nd6 31.Kf1 Nb5 32.Ke2 Re8 33.Nxb6 axb6
34.Rc1 Kf7 35.Rc6 Rb8 36.Kd3 Ke7 37.f3 Kd7 38.Rc1 Ra8 39.e4 Ke6 0-1

[Event "Rewal 2011 - Open B"]
[Site "Rewal"]
[Date "2011.08.23"]
[Round "4.34"]
[White "Cyboran, Katarzyna"]
[Black "Skiba, Marta"]
[Result "1-0"]
[WhiteElo "1869"]
[BlackElo "1715"]
[EventDate "2011.??.??"]
[PlyCount "45"]

1.e4 e5 2.d4 exd4 3.Qxd4 Nc6 4.Qe3 Nf6 5.Nc3 Bb4 6.Bd2 O-O 7.O-O-O Re8 8.
Qg3 Bf8 9.Bg5 Be7 10.h4 d6 11.Nh3 Nd7 12.Be2 Nc5 13.Nf4 Ne6 14.Nfd5 Bxg5+ 
15.hxg5 Nxg5 16.f4 Ne6 17.f5 Ng5 18.f6 gxf6 19.Rh6 Re6 20.Rdh1 Kf8 21.Rxh7
Ne7 22.Rh8+ Ng8 23.Qh4 1-0

[Event "Rewal 2011 - Open B"]
[Site "Rewal"]
[Date "2011.08.23"]
[Round "4.35"]
[White "Cyra, Dariusz"]
[Black "Smal, Tobiasz"]
[Result "1-0"]
[WhiteElo "1830"]
[BlackElo "1711"]
[EventDate "2011.??.??"]
[PlyCount "55"]

1.d4 Nf6 2.c4 g6 3.Nc3 Bg7 4.e4 d6 5.f4 O-O 6.Nf3 c5 7.d5 e6 8.Be2 exd5 9.
cxd5 Re8 10.e5 dxe5 11.fxe5 Ng4 12.Bg5 Qb6 13.O-O Nxe5 14.Nxe5 Bxe5 15.Bc4
Qxb2 16.d6 Qxc3 17.Bxf7+ Kg7 18.Bxe8 Qxa1 19.Qf3 Qd4+ 20.Kh1 Qxd6 21.Qf7+ 
Kh8 22.Be7 Qe6 23.Qf8+ Qg8 24.Bf6+ Bxf6 25.Qxf6+ Qg7 26.Qd8 Qd4 27.Bd7+ 
Kg7 28.Qf8# 1-0

[Event "Rewal 2011 - Open B"]
[Site "Rewal"]
[Date "2011.08.23"]
[Round "4.37"]
[White "Jasniewicz, Rafal"]
[Black "Miczek, Szczepan"]
[Result "0-1"]
[WhiteElo "1605"]
[BlackElo "1823"]
[EventDate "2011.??.??"]
[PlyCount "138"]

1.Nf3 d5 2.g3 Nf6 3.Bg2 e6 4.d3 b6 5.Nbd2 Bb7 6.c4 Be7 7.O-O O-O 8.a3 c5 
9.Ne5 Nbd7 10.Nxd7 Qxd7 11.e4 dxc4 12.dxc4 Qc6 13.Qf3 Nd7 14.Qe2 Rad8 15.
f4 e5 16.Nb3 exf4 17.gxf4 Qa4 18.Nd2 Qc2 19.Rf3 Bf6 20.Qd3 Qd1+ 21.Qf1 
Bd4+ 22.Kh1 Qxf1+ 23.Rxf1 Nf6 24.h3 Bxb2 25.Bxb2 Rxd2 26.Bxf6 gxf6 27.Rad1
Rfd8 28.Bf3 Rxd1 29.Rxd1 Rxd1+ 30.Bxd1 Bxe4+ 31.Kg1 Bd3 32.Bb3 Kg7 33.Kf2 
f5 34.Kg3 Kf6 35.a4 a6 36.Kh4 Be2 37.Kg3 h6 38.Kf2 Bd3 39.Ke3 Bf1 40.h4 
Kg6 41.Kf2 Bd3 42.Kg3 Kf6 43.Kf3 Be4+ 44.Ke3 Ke6 45.Kd2 Kd6 46.Bd1 Kc6 47.
Be2 Kd6 48.Bd1 Bc6 49.Bb3 f6 50.Bc2 Bd7 51.Kc3 b5 52.cxb5 axb5 53.axb5 
Bxb5 54.Bxf5 Bd7 55.Be4 Be6 56.Bd3 Bg4 57.Bc4 Bf3 58.Bg8 Bd5 59.Bh7 Bf3 
60.Bf5 Kd5 61.Bd3 Bg4 62.Bg6 f5 63.Be8 Ke4 64.Kc4 Kxf4 65.Kxc5 h5 66.Kd4 
Kg3 67.Ke3 f4+ 68.Kd2 Kf2 69.Bb5 f3 0-1